| 000 | 01295nam a22002177a 4500 | ||
|---|---|---|---|
| 005 | 20250310104652.0 | ||
| 008 | 250310b ||||| |||| 00| 0 eng d | ||
| 020 | _a9781266135170 | ||
| 040 | _cAL | ||
| 041 | _aeng | ||
| 082 |
_223 _a575.1 _bBROG |
||
| 100 |
_aRobert J Brooker _9205265 |
||
| 245 |
_aGenetics _b: analysis and principles |
||
| 250 | _a8th ed. | ||
| 260 |
_aNew York _bMacGraw Hill Publisher _c2024 |
||
| 300 |
_axv,894p. _bPB _c27.5x22.5sm. |
||
| 365 |
_2General _aVBI-2366 _b₹4924.19 _c₹ _d₹6566.00 _e25% _f28-02-2025 |
||
| 520 | _aGenetics: Analysis and Principles is a one-semester, introductory genetics textbook that takes an experimental approach to understanding genetics. By weaving one or two experiments into the narrative of each chapter, students can simultaneously explore the scientific method and understand the genetic principles that have been learned from these experiments. The pedagogy of Genetics: Analysis and Principles has been designed to foster student learning. Instead of being a collection of facts and figures, this text is intended to be an engaging and motivating textbook in which formative assessment allows students to move ahead and learn the material in a productive way. | ||
| 650 |
_2Genetics _aHeredity _9205266 |
||
| 942 |
_2ddc _cBK |
||
| 999 |
_c233917 _d233917 |
||